Statistics for Dr. Who Actors

Click here to take the quiz!

General Stats

  • This quiz has been taken 237 times
  • The average score is 11 of 13

Answer Stats

Hint Answer % Correct
Tenth DoctorDavid Tennant
99%
Twelfth DoctorPeter Capaldi
97%
Eleventh DoctorMatt Smith
96%
Ninth DoctorChristopher Eccleston
94%
Fourth DoctorTom Baker
92%
Fifth DoctorPeter Davison
89%
First DoctorWilliam Hartnell
86%
Sixth DoctorColin Baker
84%
War DoctorJohn Hurt
84%
Third DoctorJon Pertwee
81%
Seventh DoctorSylvester McCoy
75%
Second DoctorPatrick Troughton
74%
Eighth DoctorPaul McGann
71%

Score Distribution

Percentile by Number Answered

Percent of People with Each Score

Your Score History

You have not taken this quiz